000 00983nam a2200253Ia 4500
003 OSt
005 20220930094903.0
006 a|||||r|||| 00| 0
007 ta
008 220926b |||||||| |||| 00| 0 hin d
024 _a32524
037 _cTheses
040 _aCRL
_cCRL
_bhin
041 _2hin
_ahin
100 _aमौर्या, कुसुम, ले.
110 _aदिल्ली विश्वविद्यालय. कला संकाय. संस्कृत
_9556595
245 0 _aभारतीय ज्योतिष को ब्रह्मगुप्त का योगदान
246 _aBhāratīya jyotiṣh ko brahmagupta kā yogadāna
260 _c2014
300 _a263पृ.
_ap.
_ccm.
700 _aदिल्ली विश्वविद्यालय. कला संकाय. संस्कृत
_9556596
942 _cDIS
_2CC
999 _c887868
_d887868